[Event "Cracovia Chess Festival A 2021"]
[Site "Cracow"]
[Date "2022.01.02"]
[Round "6.9"]
[White "Luczak, Filip"]
[Black "Chakravarthi Reddy, M."]
[Result "0-1"]
[WhiteElo "2273"]
[BlackElo "2342"]
[Annotator "TA"]
[PlyCount "98"]
[EventDate "2021.12.27"]
[EventCountry "POL"]
[SourceTitle "playchess.com"]
[Source "ChessBase"]
[SourceQuality "1"]

{[%evp 9,97,6,4,0,1,0,0,0,13,9,11,0,0,-7,-3,-8,-12,-7,0,0,-6,-6,0,0,0,-119,-109,-154,-151,-184,-181,-182,-164,-187,-174,-178,-167,-257,-224,-279,-269,-292,-293,-289,-286,-277,-256,-281,-286,-295,-289,-293,-298,-444,-477,-552,-565,-541,-577,-615,-629,-608,-592,-699,-600,-577,-539,-898,-869,-875,-875,-875,-875,-29955,-29952,-2484,-2245,-29949,-967,-853,-489,-29981,-29982,-29982,-29983,-29991,-29992,-29998,-29999,-29999]} 1. Nf3 d5 2. c4 c6 3. e3 Nf6 4. Nc3 a6 5. b3 Bg4 {[%cal Oe7e5]} 6. Be2 {A11: English Opening: 1...c6.} e6 7. Bb2 Nbd7 8. h3 {The position is equal.} Bh5 9. O-O Bd6 10. d3 O-O 11. Nh4 Bxe2 12. Qxe2 Re8 {[#]} 13. Rad1 $146 ({Predecessor:} 13. Rac1 e5 14. Nf5 Bf8 15. cxd5 cxd5 16. Rc2 g6 17. Ng3 Rc8 18. Rfc1 Nb6 19. Nb1 Rxc2 20. Rxc2 {½-½ (36) Manolache,M (2541)-Miron,L (2508) Satu Mare 2020}) 13... e5 14. Qf3 {[%cal Rc4d5]} e4 15. dxe4 {[#]} dxe4 16. Qe2 (16. Qf5 Qc7) 16... Be5 {[%cal Bd6e5,Be5b2,Bb2a3,Ba3f8][%mdl 32]} 17. Nf5 (17. Qc2 $11) 17... Qa5 $17 {Black continues to play with concentration.} 18. Nxe4 Bxb2 ({Not} 18... Nxe4 19. Rxd7 Bxb2 20. Qg4 $17) 19. Ned6 Ba3 {Hoping for ...Re6.} ({Don't take} 19... Qxa2 20. Rd2 $14) 20. Nxe8 Rxe8 21. Qc2 Bf8 22. Ng3 Nc5 23. Rfe1 (23. Qd2 $142 Qa3 24. Qc2) 23... Nce4 $19 {White must now prevent ...Nxg3.} 24. Nxe4 Nxe4 25. Rf1 Qe5 26. Rd3 Bd6 {[%csl Gd6][%cal Re5h2]} 27. f4 Qe7 28. Rfd1 Bc5 29. Qe2 Nf6 30. Kf2 h5 {[%cal Bh7h5,Bh5h4][%mdl 32] ...Ne4+ is the strong threat.} 31. Qf3 (31. Kg1 {was called for.}) 31... h4 32. Ke2 Ne4 {[%cal Bf6e4,Be4g3,Bg3f5][%mdl 32]} 33. Kf1 Ng3+ 34. Kf2 Nf5 {[%cal Rf5e3]} 35. Re1 g6 36. Re2 Rd8 37. Rxd8+ Qxd8 38. Re1 {To avoid Qd1} Qd3 39. Kg1 Bxe3+ 40. Kh2 Qd2 {[%csl LRa2,LRe1,LRf4]} 41. Rd1 Bxf4+ 42. Kg1 Be3+ 43. Kh2 Qc3 (43... Qa5 $142 44. g3 hxg3+ 45. Kh1 Qxa2 46. Qg2 Qxb3 47. Rf1 Qd3 48. Rxf5 Qxf5 49. Qxg3 Qf1+ 50. Kh2 Bf4 51. Qxf4 Qxf4+ 52. Kg1 a5 53. h4 a4 54. Kg2 a3 55. h5 gxh5 56. Kh1 a2 57. Kg1 a1=Q+ 58. Kg2 Qaf1#) 44. Qe4 Bd4 {Threatens to win with ...Qg3+.} 45. Re1 {[#]} (45. Qe1 $19 Qxe1 46. Rxe1) 45... Qg3+ {Black mates.} 46. Kh1 Qd6 47. Qf3 Ng3+ 48. Kh2 Nf1+ 49. Kh1 Qh2# {Weighted Error Value: White=0.81/Black=0.30} 0-1

[Event "Cracovia Chess Festival A 2021"]
[Site "Cracow"]
[Date "2022.01.02"]
[Round "6.10"]
[White "Niedbala, Bartlomiej"]
[Black "Kacprzak, Kacper"]
[Result "1/2-1/2"]
[WhiteElo "2385"]
[BlackElo "2219"]
[Annotator "TA"]
[PlyCount "85"]
[EventDate "2021.12.27"]
[EventCountry "POL"]
[SourceTitle "playchess.com"]
[Source "ChessBase"]
[SourceQuality "1"]

{[%evp 24,85,31,33,58,23,35,16,41,45,52,55,47,43,40,37,37,23,30,33,33,30,82,95,166,90,165,80,52,53,58,38,38,36,53,0,42,28,29,0,31,35,43,5,23,0,0,0,112,39,7,-64,-58,-70,-80,-139,-135,-126,-125,-370,-370,-354,-338,-402]} 1. e4 e5 2. Nf3 Nc6 3. Bb5 a6 4. Ba4 Nf6 5. O-O Be7 6. Re1 b5 7. Bb3 d6 8. c3 {[%cal Bc2c3,Bc3c4][%mdl 32]} O-O 9. h3 Nb8 10. d4 Nbd7 11. c4 c6 12. Nc3 Bb7 13. a3 Qc7 {C95: Closed Ruy Lopez: Breyer Variation with 10 d4.} 14. cxb5 {[#]} axb5 $146 {[%cal Ob5b4]} ({Predecessor:} 14... cxb5 15. Ba2 Rac8 16. Bd2 h6 17. Rc1 Qb8 18. Nh4 exd4 19. Nf5 Rfe8 20. Nxd4 Bf8 21. Nf5 Nc5 22. Qf3 Ncxe4 23. Nxh6+ gxh6 24. Nxe4 Bxe4 25. Qxf6 d5 26. Rxc8 Qxc8 27. Bc3 {1-0 (27) Sindarov,J (2557)-Namitbir,S (2093) Chess.com INT 2020}) 15. Qc2 Rac8 {The position is equal.} 16. Bg5 h6 17. Be3 Rfe8 18. Rad1 Bf8 19. dxe5 dxe5 20. Nh4 Nc5 21. Ba2 Ne6 22. Nf5 Qb8 (22... Kh7 $11) 23. Qe2 $16 {White is much more active.} Rcd8 (23... c5 $16 {might work better.}) 24. Qf3 $1 $18 {[%cal Of5h6]} Nh7 {[#]} (24... Rxd1 $16 {was worth a try.} 25. Rxd1 Nf4) 25. Qg4 (25. Rxd8 $1 $18 {is more deadly.} Qxd8 26. Qg3) 25... Kh8 $16 26. Rxd8 Qxd8 27. Rd1 (27. Qg3 $5 {[%cal Rg3e5]}) 27... Qc7 28. Rc1 {[%cal Oc3b5]} Qd8 29. Rd1 (29. Qg3 $5 {[%cal Rg3e5]}) 29... Qc7 30. Qg3 {Black should prevent Bxe6.} Bc8 $1 31. Rc1 {[%cal Oc3b5] Hoping for Nxb5!} Qb8 32. Ne2 {[%cal Bc3e2,Be2c1,Bc1d3][%mdl 32]} Bd7 33. Rd1 Bc8 34. Nc1 Qc7 35. Nd3 Rd8 {[#]} (35... Neg5 $1 $11 36. f3 Bxf5 37. exf5 Nf6) 36. Bb3 ({White should play} 36. Rd2 $1 $16) 36... Nf6 $14 37. f3 (37. Qf3 $11) 37... Nh5 $1 $15 38. Qf2 {Bb6 is the strong threat.} c5 $1 {[%cal Bc6c5,Bc5c4][%mdl 32]} 39. Bd5 (39. Bxe6 $142 Bxe6 40. Rd2) 39... Nd4 40. Nxd4 exd4 {[%cal Be5d4,Bd4e3][%mdl 32]} 41. Qh4 $2 dxe3 $19 42. Qxh5 c4 43. Ne5 {[%mdl 32768] Weighted Error Value: White=0.28 (precise) /Black=0.16 (very precise) . An unexpected result.} 1/2-1/2

[Event "Cracovia Chess Festival A 2021"]
[Site "Cracow"]
[Date "2022.01.02"]
[Round "6.11"]
[White "Kacprzak, Karol"]
[Black "Karsay, Pascal"]
[Result "1/2-1/2"]
[WhiteElo "2226"]
[BlackElo "2322"]
[Annotator "TA"]
[PlyCount "57"]
[EventDate "2021.12.27"]
[EventCountry "POL"]
[SourceTitle "playchess.com"]
[Source "ChessBase"]
[SourceQuality "1"]

{[%evp 16,57,11,0,17,8,25,0,19,19,32,31,50,47,62,9,15,7,16,7,31,6,27,26,51,27,34,27,43,41,43,43,43,43,43,43,79,65,78,87,71,66,74,71]} 1. e4 e5 2. Nf3 Nc6 3. Bb5 a6 4. Ba4 Nf6 5. O-O Be7 6. d3 b5 7. Bb3 d6 8. a3 O-O 9. Nc3 Nb8 {C77: Ruy Lopez: 3...a6 4 Ba4 Nf6, unusual lines.} 10. h3 Nbd7 11. Nd5 Nc5 {The position is equal.} 12. Ba2 Be6 13. b4 {[#]} Na4 $146 ({Predecessor:} 13... Bxd5 14. Bxd5 Nxd5 15. exd5 Nd7 16. c4 Nb6 17. Qc2 f5 18. Bb2 Qd7 19. Qb3 e4 {0-1 (30) Msellek,I (2316)-Harutyunian,T (2551) Chess.com INT 2020}) 14. c4 c6 15. Nxf6+ (15. Nxe7+ $14 Qxe7 16. Qc2) 15... Bxf6 $11 16. Bb3 Nb6 {[%cal Rb5c4,Ba4b6,Bb6d7,Bd7e5,Be5c4][%mdl 32]} 17. Qc2 Rc8 18. Be3 Re8 19. Rfd1 {[%cal Bf1d1,Bd1d4,Bd4d6][%mdl 32]} Qc7 20. Rac1 Qb7 21. Qb1 Nd7 22. d4 {[#] Black must now prevent d5.} exd4 23. Nxd4 Bxd4 24. Rxd4 Ne5 25. cxb5 cxb5 (25... Bxb3 $2 26. bxa6 (26. Qxb3 axb5 27. Rxd6 Nc4 $14) 26... Qxa6 27. Qxb3 $18) 26. Rxc8 Qxc8 27. Rxd6 Bxb3 28. Qxb3 Nc4 29. Rd4 {Weighted Error Value: White=0.10 (very precise) /Black=0.13 (very precise)} 1/2-1/2

[Event "Cracovia Chess Festival A 2021"]
[Site "Cracow"]
[Date "2022.01.02"]
[Round "6.12"]
[White "Paszewski, Mateusz"]
[Black "Malek, Jan"]
[Result "1/2-1/2"]
[WhiteElo "2300"]
[BlackElo "2149"]
[Annotator "TA"]
[PlyCount "81"]
[EventDate "2021.12.27"]
[EventCountry "POL"]
[SourceTitle "playchess.com"]
[Source "ChessBase"]
[SourceQuality "1"]

{[%evp 26,81,0,0,0,0,0,0,0,0,0,0,0,2,7,7,4,0,15,7,10,11,13,13,15,5,8,0,0,3,19,9,17,0,0,0,0,0,0,0,0,0,0,0,0,0,8,0,0,0,0,0,0,0,0,0,0,0]} 1. c4 c5 2. g3 Nc6 3. Bg2 g6 4. Nc3 Bg7 5. Nf3 Nf6 6. O-O O-O 7. d4 cxd4 8. Nxd4 d6 9. b3 Nxd4 10. Qxd4 d5 11. cxd5 Nxd5 12. Qxd5 Bxc3 13. Bh6 Qxd5 14. Bxd5 {The position is equal.} Rd8 {A39: Symmetrical English vs ...g6: 4 Bg2 Bg7 5 Nf3 Nf6 6 0-0 0-0 7 d4.} 15. Rad1 {[%cal Od5f7] [#] Black must now prevent Bxf7+!} Bh3 16. Bg2 Bxg2 17. Kxg2 b5 {[#]} 18. e4 $146 ({Predecessor:} 18. Be3 b4 19. Bc5 {½-½ (19) Azmaiparashvili,Z-Yurtaev,L (2365) Riga 1980}) 18... f6 19. Be3 Kf7 20. Kf3 Ke6 21. Ke2 Bb2 22. Rxd8 Rxd8 $11 {[%mdl 4096] Endgame KRB-KRB} 23. Rb1 Bd4 24. Rd1 Ke5 25. f3 g5 26. Bxd4+ Rxd4 {KR-KR} 27. Rc1 {Black should prevent Rc5+.} a6 28. Rc7 Ke6 29. Ra7 Rd6 30. Ke3 h5 31. f4 gxf4+ 32. gxf4 Kf7 33. h4 Ke6 34. Ra8 Kf7 35. Ra7 Ke6 36. Ra8 Kf7 37. Rh8 Kg6 38. Rg8+ Kf7 39. Ra8 Rc6 40. Kd4 Rd6+ $1 41. Ke3 {Not much happened in this game.  Weighted Error Value: White=0.03 (flawless) /Black=0.01 (flawless)} 1/2-1/2

[Event "Cracovia Chess Festival A 2021"]
[Site "Cracow"]
[Date "2022.01.02"]
[Round "6.13"]
[White "Turski, Bartlomiej"]
[Black "Warakomska, Anna"]
[Result "1-0"]
[WhiteElo "2114"]
[BlackElo "2276"]
[Annotator "TA"]
[PlyCount "83"]
[EventDate "2021.12.27"]
[EventCountry "POL"]
[SourceTitle "playchess.com"]
[Source "ChessBase"]
[SourceQuality "1"]

{[%evp 11,83,18,46,6,4,0,0,0,0,0,0,-7,0,-38,0,0,0,0,0,-10,-35,-50,-12,-107,-103,-85,-72,-72,-15,-12,25,29,48,0,8,0,48,43,130,3,3,3,572,627,1010,940,867,843,672,410,29965,29968,29966,29967,29969,29965,29964,12850,29975,29977,29947,29964,29953,6471,5791,5531,1882,1779,29987,29988,29988,29988,29988,1668]} 1. e4 c6 2. d4 d5 3. exd5 cxd5 4. Bd3 Nc6 5. c3 Qc7 6. h3 g6 7. Nf3 {B13: Caro-Kann: Exchange Variation and Panov-Botvinnik Attack.} Bf5 8. Be2 $1 {[%mdl 4] is more profitable than 8.0-0 at the moment.} e6 9. Be3 {[#] The position is equal.} h6 $146 ({Predecessor:} 9... Bd6 10. Nbd2 Nf6 11. O-O h6 12. c4 g5 13. c5 Bf4 14. Bb5 Bxe3 15. fxe3 g4 {0-1 (30) Hess,M (2430)-Grandelius,N (2663) Tornelo INT 2020}) 10. Nbd2 g5 11. a3 Nf6 12. b4 Bd6 13. c4 dxc4 14. Nxc4 Nd5 15. Nxd6+ Qxd6 16. Qd2 Be4 17. Bb5 (17. O-O $1 $11 {keeps the balance.}) 17... Bxf3 18. gxf3 Ke7 19. h4 f6 ({Reject} 19... Nxe3 20. fxe3 gxh4 21. Bf1 $11 (21. f4 Rhg8 $17)) (19... Rac8 $17) 20. Rc1 $11 Rag8 {[%cal Oa7a5]} 21. Bxc6 bxc6 22. Qc2 (22. Rc5 $14) 22... Kd7 23. Qa4 gxh4 (23... a5 $11 {deserves consideration.}) 24. Qxa7+ $14 Nc7 {[#]} (24... Qc7 $14 25. Qxc7+ Nxc7) 25. Rxh4 ({White should try} 25. b5 $1 $16 Ra8 26. Qb7 (26. bxc6+ Qxc6 27. Rxc6 Rxa7 $11)) 25... Ra8 $11 26. Qb6 {Hoping for Bf4.} ({Don't blunder} 26. Qb7 $2 Rhb8 27. Qxb8 Rxb8 $19) 26... Ra6 $2 {[%mdl 8192] This costs Black the game.} (26... Nd5 $11 27. Qb7+ Qc7 28. Qxc7+ Nxc7) 27. Qb7 $18 {[%cal Ob4b5] aiming for b5!} Rxa3 28. Bf4 e5 29. dxe5 fxe5 30. Rd1 Rd3 (30... exf4 $18 31. Rxd6+ Kxd6 32. Rxf4 Re8+ 33. Re4 Ra1+ 34. Ke2 Ra2+ 35. Kf1 Ra1+ 36. Ke2 Ra2+ 37. Kf1 Ra1+ 38. Kg2 Rg8+ 39. Kh2 Rgg1) 31. Rxd3 Qxd3 32. Bxe5 Qb1+ 33. Kd2 Qa2+ {[#]} 34. Kc1 $1 Rc8 35. Rd4+ Ke7 36. Qxc8 Qa1+ 37. Kd2 {Threatening mate with Qd7+.} Qa2+ 38. Ke1 {White wants to mate with Qd7+.} Qa1+ 39. Ke2 {White threatens Qd7+ and mate.} Qb2+ 40. Kf1 {White mates.} Qc1+ 41. Kg2 Qg5+ 42. Qg4 {Weighted Error Value: White=0.32/Black=0.85} (42. Bg3 $142 Ne6 43. Rd7+ Kf6 44. Rd6 Qf5 45. Rxc6 h5 46. Qf8+ Kg6 47. Qe7) 1-0

[Event "Cracovia Chess Festival A 2021"]
[Site "Cracow"]
[Date "2022.01.02"]
[Round "6.14"]
[White "Gahan M G"]
[Black "Barath Kalyan M"]
[Result "1-0"]
[WhiteElo "2248"]
[BlackElo "2103"]
[Annotator "TA"]
[PlyCount "143"]
[EventDate "2021.12.27"]
[EventCountry "POL"]
[SourceTitle "playchess.com"]
[Source "ChessBase"]
[SourceQuality "1"]

{[%evp 22,142,6,6,6,6,11,12,1,0,0,6,23,23,21,25,23,0,0,-2,-2,-2,-2,-33,-20,-20,-24,-27,0,0,0,-4,-10,-10,0,-2,0,-29,-24,-39,-16,-16,-16,-16,-16,-17,0,-31,-10,-10,10,0,0,0,0,0,0,0,54,18,29,30,32,34,60,46,147,141,127,93,98,101,104,85,151,179,138,138,167,133,133,125,441,427,1792,786,1562,1512,2007,1863,1815,872,820,754,1334,1026,1881,1812,1480,1027,29973,12760,6482,6475,6448,6475,29976,29977,29977,29978,29978,29978,29978,29978,29976,29976,29986,29987,29997,29998,29998,29999,29999]} 1. e4 c5 2. c3 Nf6 3. e5 Nd5 4. d4 cxd4 5. cxd4 Nc6 6. Nf3 d6 7. Bc4 Nb6 8. Bb5 dxe5 9. Nxe5 Bd7 10. Nxd7 Qxd7 11. Nc3 e6 12. O-O Rc8 {12...Rd8 is becoming the main line. B22: Sicilian: 2 c3.} 13. Be3 {[%cal Od4d5]} a6 14. Be2 {[%cal Od4d5]} Be7 {The position is equal.} 15. a3 O-O 16. Qb3 Nd5 17. Nxd5 exd5 18. Bf3 Rfd8 {[#]} 19. Rac1 $146 ({Predecessor:} 19. Qb6 Bd6 20. Rfd1 Bb8 21. Rac1 Bc7 22. Qb3 Na5 23. Qd3 Nc4 24. Rc2 Nxe3 25. fxe3 {½-½ (51) Potkin,V (2420)-Aseev,K (2554) St Petersburg 2000}) 19... Na5 {[%cal Bc6a5,Ba5c4,Bc4e3][%mdl 32]} 20. Qd3 Nc4 21. Rc2 Nxe3 22. fxe3 Rxc2 23. Qxc2 Bg5 24. Re1 Re8 25. Qb3 g6 26. Kf2 Rd8 27. Rc1 Qe6 28. Rc5 b6 29. Rc3 h5 30. Qa4 a5 31. Ke2 Kg7 32. Qb5 Rd6 33. Kd2 Rd8 34. Qb3 Qd6 35. Kc2 Re8 36. Bxd5 a4 37. Qxa4 Rxe3 38. Qb5 {[%cal Od5f7] Prevents Re2+.} Rxc3+ ({But not} 38... Qf4 39. Rxe3 Qxe3 40. Qxb6 $16) 39. Kxc3 {[%cal Od5f7]} Bd8 ({Don't do} 39... Qf4 40. Qxb6 (40. Qe8 Qf2 $11) 40... Qxh2 41. Qa7 $14) ({Black should play} 39... Qxh2 $11 40. Qxb6 Qg3+ 41. Kc4 Qf2) 40. h3 Qg3+ 41. Qd3 Qe1+ 42. Kc4 Bf6 43. b4 Qa1 (43... Qe8 $1 $14) 44. Bf3 Kf8 45. d5 Bb2 46. Qe3 Qxa3 47. Qxb6 {aiming for d6.} Qc3+ (47... Be5 $16 {was called for.}) 48. Kb5 $18 Qd3+ 49. Kc6 Bd4 50. Qb8+ Kg7 {[#]} 51. Qb5 $1 Qe3 {[%mdl 8192] A mistake that costs the game.} (51... Qf5 $16 52. Qb7 Qf4) 52. d6 {[%cal Bd5d6,Bd6d7][%mdl 32]} Kf6 (52... Qe6 $142 53. Kc7 Be5) 53. Kb7 (53. d7 $142 Qe6+ 54. Kc7 Be5+ 55. Kc8) 53... Qe6 54. Qc6 {And now d7 would win.} Kg7 55. d7 Qe7 56. Kc8 (56. b5 $142 Bf6 57. Qc8) 56... Bf6 57. b5 {Active counter play!} Qd8+ 58. Kb7 {Black must now prevent Qc7.} Kf8 59. Qc5+ Kg7 60. Qc7 {White wants to mate with Qxd8.} Kf8 61. b6 (61. Bd5 $142 Bh4 62. b6 Ke7 63. Qe5+ Kf8 64. Bc6 Bf6 65. Qe8+ Kg7 66. Bd5) 61... Ke7 62. Bc6 {Threatening mate with Qxd8+.} Bd4 63. Ka6 Bf6 64. Qxd8+ {White mates.} Kxd8 {[#] KB-KB} 65. b7 $1 Kc7 {[#]} 66. Ka7 $1 Kxc6 67. b8=Q Kxd7 68. Kb7 Ke7 69. Kc6 Bg7 70. Qd6+ Ke8 71. Qd7+ Kf8 72. Qd8# {Weighted Error Value: White=0.08 (flawless) /Black=0.36} 1-0

[Event "Cracovia Chess Festival A 2021"]
[Site "Cracow"]
[Date "2022.01.02"]
[Round "6.15"]
[White "Piekielny, Pawel"]
[Black "Dev, Shah"]
[Result "1/2-1/2"]
[WhiteElo "2104"]
[BlackElo "2243"]
[Annotator "TA"]
[PlyCount "79"]
[EventDate "2021.12.27"]
[EventCountry "POL"]
[SourceTitle "playchess.com"]
[Source "ChessBase"]
[SourceQuality "1"]

{[%evp 21,79,19,14,12,21,15,15,8,16,0,12,21,12,20,22,26,9,7,14,3,27,20,22,23,34,28,24,4,48,11,21,12,12,10,13,4,8,10,9,9,9,9,8,8,8,8,8,8,8,8,8,8,8,8,8,0,0,0,0,0]} 1. e4 e5 2. Nf3 Nc6 3. Bb5 a6 4. Ba4 Nf6 5. O-O b5 6. Bb3 Bc5 7. c3 d6 8. d4 Bb6 9. Be3 O-O 10. Nbd2 h6 11. h3 Re8 12. Re1 {C78: Ruy Lopez: Archangelsk and Möller Defences.} exd4 13. cxd4 {[%cal Oe4e5]} Na5 (13... Nxe4 $2 14. Nxe4 (14. Bd5 Nxd2 15. Nxd2 Qd7 $16) 14... Rxe4 15. Bd5 Rxe3 16. Rxe3 $18 (16. fxe3 Qe8 $16)) 14. Bc2 Bb7 {[%cal Rf6e4]} 15. Qb1 Nc4 16. Nxc4 bxc4 17. d5 c6 18. Ba4 Rc8 19. Bxb6 Qxb6 {[#]} 20. Nd2 $146 ({Predecessor:} 20. Qc2 cxd5 21. Bxe8 dxe4 22. Nd2 Nxe8 23. Nxe4 d5 24. Ng3 g6 25. Rad1 Ng7 26. Qd2 {½-½ (63) Gopal,G (2562)-Jones,G (2647) Abu Dhabi 2015}) 20... Qd4 21. Qc2 {With the idea Rad1.} Re7 22. dxc6 Bxc6 23. Bxc6 Rxc6 24. Rac1 Rec7 (24... Rc8 $11) 25. Nf3 Qc5 {The position is equal.} 26. e5 dxe5 27. Nxe5 Re6 28. Ng4 Nxg4 29. Rxe6 fxe6 30. hxg4 $11 {[%mdl 4096] Endgame KQR-KQR} Qg5 31. f3 Qe3+ 32. Kf1 Rd7 {[#] ...Rd2 is the strong threat.} 33. Re1 Rd2 $1 {[%csl Gd2][%cal Re3f2]} 34. Rxe3 Rxc2 {KR-KR} 35. Re2 Rc1+ 36. Kf2 Kf7 37. Ke3 Ra1 38. Kd4 Rxa2 39. Kxc4 Ke7 40. Kb3 {An even fight not without its subleties.  Weighted Error Value: White=0.04 (flawless) /Black=0.03 (flawless)} 1/2-1/2

[Event "Cracovia Chess Festival A 2021"]
[Site "Cracow"]
[Date "2022.01.02"]
[Round "6.16"]
[White "Maj, Pawel"]
[Black "Dzida, Kamil"]
[Result "0-1"]
[WhiteElo "2145"]
[BlackElo "2238"]
[Annotator "TA"]
[PlyCount "138"]
[EventDate "2021.12.27"]
[EventCountry "POL"]
[SourceTitle "playchess.com"]
[Source "ChessBase"]
[SourceQuality "1"]

{[%evp 11,138,2,17,18,20,25,20,9,19,13,33,33,48,36,37,36,43,3,3,-24,-18,-20,0,0,0,0,0,0,33,-20,-20,-13,-20,-48,-28,-103,-104,-109,-109,-102,-97,-95,-100,-107,-97,-528,-132,-136,-116,-119,-118,-156,-155,-171,-104,-125,-104,-141,-122,-126,-116,-110,-111,-135,-149,-132,-102,-160,-149,-150,-151,-193,-184,-178,-156,-410,-422,-422,-422,-334,-327,-506,-440,-642,-633,-661,-571,-915,-879,-924,-865,-1153,-1169,-1139,-1015,-1420,-1382,-1448,-1263,-1754,-1230,-2971,-2762,-6075,-3640,-29976,-29978,-5185,-12794,-6115,-4511,-3578,-2627,-6024,-5221,-4622,-4627,-2443,-2191,-29983,-29984,-29984,-29985,-29987,-29983,-29977,-29978,-29979,-29980]} 1. d4 Nf6 2. c4 e6 3. Nc3 Bb4 4. Qc2 O-O 5. Nf3 d5 6. cxd5 Qxd5 (6... exd5 {looks sharper.} 7. Bg5 h6 8. Bf4 c5 9. dxc5 Qa5) 7. Bd2 {E34: Nimzo-Indian: Classical: 4...d5.} Bxc3 8. Bxc3 b6 9. e3 {The position is equal.} Bb7 10. Be2 Nbd7 11. O-O Rac8 {[#]} 12. Rfd1 $146 ({Predecessor:} 12. Ne1 c5 13. Bf3 Ne4 14. Bxe4 Qxe4 15. Qxe4 Bxe4 16. f3 Bg6 17. dxc5 Nxc5 18. Bb4 {0-1 (41) Herzog,M (2265)-Ivanov,I (2530) Las Vegas 1993}) 12... Rfd8 13. Ne1 Ne4 14. f3 Nxc3 15. bxc3 c5 16. Bd3 Nf6 {[%cal Rc5d4]} 17. e4 Qg5 18. Qf2 cxd4 19. cxd4 Rc3 20. Rd2 (20. a4 $14) 20... Rdc8 21. Rad1 Qa5 22. Bb1 Bc6 23. Nd3 {[#]} (23. h3 $11 {remains equal.}) 23... Bxe4 $1 $17 {[%mdl 512]} 24. fxe4 Nxe4 25. Qe2 Nxd2 26. Qxd2 Qa4 $1 27. Ne1 Qc4 28. Qf4 $2 {[%mdl 8192]} (28. Kf2 $17) 28... Rc1 $2 (28... Qe2 $19 {and Black stays clearly on top.} 29. Qd2 Qxd2 30. Rxd2 Rc1) 29. Bd3 Qc3 30. Rxc1 Qxc1 31. Qe4 g6 {Active counter play!} 32. h4 Rc3 ({Black should play} 32... Qa1 $19 {Hoping for ...Rd8.} 33. Kh2 Qxa2) 33. Kh2 Qa3 34. h5 {[#]} Qd6+ $1 (34... Qxa2 $2 35. Qa8+ Kg7 36. h6+ Kxh6 37. Qf8+ Kg5 38. Nf3+ Kf6 39. Ne5 Rxd3 40. Qxf7+ (40. Nxd3 Qd2 $11) 40... Kg5 41. Nxd3 $18) 35. Kg1 Qd5 36. Qxd5 exd5 37. hxg6 fxg6 38. Kf2 Kf7 39. Bc2 ({White should try} 39. Ke2) 39... b5 {[%cal Bb6b5,Bb5b4][%mdl 32]} 40. Bb3 Ke6 41. Nc2 (41. Nf3 $17 {might work better.}) 41... a5 {...a4 is the strong threat.} 42. Na3 b4 43. Nc2 $2 {[#]} (43. Nb5 $17 Rc8 44. g4) 43... Kf5 $1 $19 44. Ne1 Ke4 {[%cal Oc3b3] White must now prevent ...Rxb3!} 45. Nf3 h6 {[%cal Bh7h6,Bh6h5,Bh5h4][%mdl 32]} 46. Ke2 (46. Kg3 {was worth a try.}) 46... g5 47. Kd2 (47. Ne5 $142 Kxd4 48. Nf3+ Kc5 49. g4) 47... g4 48. Nh4 Kxd4 49. Bc2 Ra3 50. Bb1 h5 51. Nf5+ Ke5 52. Ne3 Kf4 53. Nxd5+ Kg3 54. Ke2 h4 55. Nf6 a4 {And now ...h3 would win.} 56. Kf1 h3 57. Ne4+ Kf4 58. gxh3 gxh3 59. Nf2 h2 (59... Rf3 $142 60. Ke2 h2) 60. Kg2 Ke3 {aiming for ...b3.} 61. Ng4+ Kd2 {Threatens to win with ...Kc1.} 62. Kxh2 Kc1 63. Be4 Rxa2+ 64. Kg3 b3 65. Ne5 Re2 {Black mates.} 66. Nd3+ Kd2 67. Kf4 a3 68. Nc5 Kc3 69. Bd5 Kd4 {Weighted Error Value: White=0.98/Black=0.30} 0-1

[Event "Cracovia Chess Festival A 2021"]
[Site "Cracow"]
[Date "2022.01.02"]
[Round "6.17"]
[White "Sengupta, Deep"]
[Black "Krawczyk, Flawian"]
[Result "1-0"]
[WhiteElo "2520"]
[BlackElo "2114"]
[Annotator "TA"]
[PlyCount "95"]
[EventDate "2021.12.27"]
[EventCountry "POL"]
[SourceTitle "playchess.com"]
[Source "ChessBase"]
[SourceQuality "1"]

{[%evp 11,95,12,5,4,0,6,12,18,14,8,26,21,20,20,15,21,14,14,14,13,16,16,17,22,60,65,67,54,83,85,86,100,85,49,181,174,183,188,193,195,188,190,211,208,218,218,295,293,293,253,300,256,255,245,277,227,291,300,258,279,304,283,264,277,379,371,562,583,556,550,620,617,632,623,673,673,656,638,855,851,981,1060,1014,973,741,695]} 1. e4 c5 2. Nf3 d6 3. Bb5+ Nd7 4. O-O Ngf6 5. Re1 a6 6. Bxd7+ Bxd7 7. e5 {B51: Sicilian: Moscow Variation (3 Bb5+) without 3...Bd7.} dxe5 8. Nxe5 e6 9. d3 {The position is equal.} Be7 10. Qf3 b5 11. Nc6 Bxc6 12. Qxc6+ Nd7 13. a4 b4 14. Nd2 O-O 15. Nc4 $36 {[%mdl 2048] [#] Black is under pressure.} Ra7 $146 ({Predecessor:} 15... Qc8 16. Qf3 Rb8 17. Bf4 Ra8 18. a5 Rd8 19. Re2 Ra7 20. Rae1 Qb7 21. Qg3 Nf8 {1-0 (51) Migot,T (2351)-Vardanyan,A (2178) Chess.com INT 2020}) 16. Bf4 Qa8 17. Qe4 Qxe4 18. dxe4 g5 19. Bg3 {White is more active.} Nf6 20. Rad1 Rd8 21. Rxd8+ Bxd8 22. Rd1 Bc7 {Black cannot hold the game after this.} (22... Rd7 $14 23. Rxd7 Nxd7) 23. f3 $18 Bxg3 24. Rd8+ $1 ({Don't do} 24. hxg3 $6 Rd7 25. Rc1 Kg7 $14) 24... Kg7 {Threatens to win with ...Bf4.} 25. hxg3 {[%mdl 4096] Endgame KRN-KRN} Rd7 26. Ra8 Rd1+ 27. Kf2 Rc1 28. Ne3 c4 29. Rxa6 b3 30. cxb3 cxb3 31. Ra5 Nd7 {[%cal Oc1c2]} 32. Ke2 $1 (32. Rxg5+ $6 Kf6 33. Rh5 Ne5 $16) 32... Rb1 33. Nd1 ({Not} 33. Rxg5+ Kf6 34. Rb5 Rxb2+ 35. Kd3 Ra2 $16) 33... Rc1 34. Rxg5+ Kf6 {[#]} 35. Rb5 $1 Rc2+ 36. Ke3 Rxg2 37. g4 {Strongly threatening a5.} ({Don't play} 37. Rxb3 $6 Ne5 38. Nf2 Rxg3 $16) 37... Rg1 38. Ke2 e5 (38... Rg2+ $142 39. Nf2 Rg1) 39. a5 {White is clearly winning.} Rg2+ 40. Kd3 Rg1 41. Ne3 Ra1 42. Nc4 Nf8 43. Rxb3 Ne6 44. Ra3 Rc1 45. a6 {[%cal Ba5a6,Ba6a7][%mdl 32]} Nf4+ {[#]} 46. Kd2 $1 Rxc4 47. a7 Rd4+ 48. Kc2 {Weighted Error Value: White=0.04 (flawless) /Black=0.27 (precise)} 1-0